Statistics for Every Tyler, The Creator Song on the Billboard Hot 100

Click here to take the quiz!

General Stats

  • This quiz has been taken 540 times
    (388 since last reset)
  • The average score is 4 of 13

Answer Stats

#YearSong% Correct
142019Earfquake
94%
702019New Magic Wand
64%
512019I Think
47%
742019A Boy Is A Gun
45%
672019Igor's Theme
37%
882019Puppet
37%
652019Running Out Of Time
34%
872017Who Dat Boy
31%
852019What's Good
26%
892018OKRA
16%
712021Gravity (Brent Faiyaz & DJ Dahi)
7%
1002011Martians Vs Goblins (The Game) ft. Lil Wayne
1%
832020T.D (Lil Yachty & Tierra Whack) ft. A$AP Rocky
1%

Score Distribution

Percentile by Number Answered

Percent of People with Each Score

Your Score History

You have not taken this quiz since the last reset